000 01271nam a2200349 i 4500
003 EG-GICUC
005 20260224163528.0
008 260224s1986 nyu||||fr|||| 00| 0 eng d
020 _a9210540018
040 _aEG-GiCUC
_beng
_cEG-GiCUC
_dEG-GiCUC
_erda
041 _aeng
082 0 4 _221
_a34148
_bRU
092 0 4 _221
099 _aLaw1 11 341.48 RU 1986
245 _aRules of procedure of the Committee on the Elimination of Racial Discrimination /
_cUNITED NATIONS .
246 1 _aRèglement intérieur du Comité pour l'élimination de la discrimination raciale
246 1 _aПравила процедуры Комитета по ликвидации расовой дискриминации
246 1 _aReglamento del Comité para la Eliminación de la Discriminación Racial
246 1 _a消除种族歧视委员会议事规则
264 _aUnited States :
_bUnited Nations ,
_c1986 .
300 _c24 cm
336 _2rda content
_atext
337 _2rda media
_aComputer
338 _2rda carrier
_aOnline Resource
546 _aMultilingual
650 1 _aHuman Rights
650 1 _aInternational Law
651 1 _2qrmak
856 4 0 _uhttps://fll.law.cu.edu.eg/fulltext/bks/B11-05630.pdf
905 _a60
942 _2ddc
_cBK
_e21
_n0
999 _c64121
_d64121